MARC보기
LDR00000nam c2200205 k 4500
001000000341264
00520260413104811
007ta
008260407s2020 ulkad r 001a kor
020 ▼a 9788960698086 ▼g 93510 : ▼c \60000
040 ▼a 248032 ▼c 248032 ▼d 248032
0490 ▼l EM111874 ▼l EM111875 ▼c 2
056 ▼a 512.4 ▼2 4
090 ▼a 512.4 ▼b 근15ㄱ
24520 ▼a 근골격계 운동치료학 = ▼x Therapeutic Exercise for Musculoskeletal System / ▼d 근골격계 운동치료학 편찬위원회
250 ▼a 1판
260 ▼a 서울 : ▼b 학지사메디컬, ▼c 2020
300 ▼a viii, 856 p. : ▼b 천연색삽화, 표 ; ▼c 29 cm
500 ▼a 집필진: 김경돈, 김창숙,강태우,김경태,김성호,남형천,박재효,배원식,서동권, 신형수,양회송,엄요한,윤종혁,이건철,이동엽,이병준,이연섭,이재홍,전현주,정연규,차현규,최석주
504 ▼a 참고문헌(p. [829]-845) 및 색인(p. [847]-856)수록
653 ▼a 근골격계 ▼a 운동치료 ▼a 운동치료학
710 ▼a 근골격계 운동치료학 편찬위원회
9500 ▼b \60000
990 ▼a 관리자2 ▼b 관리자2